00382nam a2200145Ia 4500008004100000020001800041041000800059082001500067100001300082245004600095260004900141300000900190500001000199650002700209220803s9999 xx 000 0 und d a9780974621425 aeng a712.36 RAI aRainey R aModern Public Gardens : The Suburban Park aSan FranciscobWilliam Stout Publisherc2006 a160p aLANDS aLandscape Architecture